Eastern Utah Libraries Catalog: Duchesne, Heber, Roosevelt, & Vernal

All of a sudden and forever : (Record no. 369941)

MARC details
000 -LEADER
fixed length control field 02795cam a2200457 i 4500
001 - CONTROL NUMBER
control field on1060181192
003 - CONTROL NUMBER IDENTIFIER
control field OCoLC
005 - DATE AND TIME OF LATEST TRANSACTION
control field 20220201164656.0
008 - FIXED-LENGTH DATA ELEMENTS--GENERAL INFORMATION
fixed length control field 181024t20202020mnua j b 000 0 eng
010 ## - LIBRARY OF CONGRESS CONTROL NUMBER
LC control number 2018047653
020 ## - INTERNATIONAL STANDARD BOOK NUMBER
International Standard Book Number 9781541526693
Qualifying information (lb : alk. paper)
020 ## - INTERNATIONAL STANDARD BOOK NUMBER
International Standard Book Number 1541526694
035 ## - SYSTEM CONTROL NUMBER
System control number (OCoLC)1060181192
Canceled/invalid control number (OCoLC)1137322216
040 ## - CATALOGING SOURCE
Original cataloging agency DLC
Language of cataloging eng
Description conventions rda
Transcribing agency DLC
Modifying agency OCLCF
-- YDX
-- BDX
-- GO6
-- ILC
-- BKL
-- EHH
-- OVV
-- ANK
-- DLC
-- OCLCO
-- PNX
-- LMJ
-- IZ8
-- JTH
-- TXSCH
042 ## - AUTHENTICATION CODE
Authentication code pcc
043 ## - GEOGRAPHIC AREA CODE
Geographic area code n-us-ok
049 ## - LOCAL HOLDINGS (OCLC)
Holding library UOKA
050 00 - LIBRARY OF CONGRESS CALL NUMBER
Classification number HV6432.6
Item number .B37 2020
082 00 - DEWEY DECIMAL CLASSIFICATION NUMBER
Classification number 363.325/140976638
Edition number 23
092 ## - LOCALLY ASSIGNED DEWEY CALL NUMBER (OCLC)
Classification number J363.32514 B2854A 2020
999 ## - SYSTEM CONTROL NUMBERS (KOHA)
Koha Dewey Subclass [OBSOLETE] 03527914
100 1# - MAIN ENTRY--PERSONAL NAME
Personal name Barton, Chris
Relator term author.
9 (RLIN) 5701089
245 10 - TITLE STATEMENT
Title All of a sudden and forever :
Remainder of title help and healing after the Oklahoma City bombing /
Statement of responsibility, etc Chris Barton ; illustrations by Nicole Xu.
264 #1 - Production, Publication, Distribution, Manufacture, and Copyright Notice.
Place of production, publication, distribution, manufacture Minneapolis :
Name of producer, publisher, distributor, manufacturer Carolrhoda Books,
Date of production, publication, distribution, manufacture, or copyr [2020]
264 #4 - Production, Publication, Distribution, Manufacture, and Copyright Notice.
Date of production, publication, distribution, manufacture, or copyr �2020
300 ## - PHYSICAL DESCRIPTION
Extent 1 volume (unpaged) :
Other physical details illustrations (chiefly colored) ;
Dimensions 29 cm
336 ## - Content Type
Content type term text
337 ## - Media type
Media type term unmediated
338 ## - Carrier type
Carrier type term volume
504 ## - BIBLIOGRAPHY, ETC. NOTE
Bibliography, etc Includes bibliographical references.
520 ## - SUMMARY, ETC.
Summary, etc A profoundly moving nonfiction picture book about tragedy, hope, and healing from the award-winning author. Sometimes bad things happen, and you have to tell everyone. Sometimes terrible things happen, and everybody knows. On April 19, 1995, something terrible happened in Oklahoma City: a bomb exploded, and people were hurt and killed. But that was not the end of the story. Those who survived--and those who were forever changed--shared their stories and began to heal. Near the site of the bomb blast, an American elm tree began to heal as well. People took care of the tree just as they took care of each other. The tree and its seedlings now offer solace to people around the world grappling with tragedy and loss. Released to coincide with the 25th anniversary of the Oklahoma City bombing, this book commemorates what was lost and offers hope for the future.
526 0# - STUDY PROGRAM INFORMATION NOTE
Program name Not listed in Accelerated Reader (AR) program at time of cataloging.
650 #0 - SUBJECT ADDED ENTRY--TOPICAL TERM
Topical term or geographic name as entry element Oklahoma City Federal Building Bombing, Oklahoma City, Okla., 1995
Form subdivision Juvenile literature.
9 (RLIN) 6439758
650 #0 - SUBJECT ADDED ENTRY--TOPICAL TERM
Topical term or geographic name as entry element Victims of terrorism
Geographic subdivision Oklahoma
-- Oklahoma City
Form subdivision Juvenile literature.
9 (RLIN) 6439759
650 #1 - SUBJECT ADDED ENTRY--TOPICAL TERM
Topical term or geographic name as entry element Oklahoma City Federal Building Bombing, Oklahoma City, Okla., 1995.
650 #1 - SUBJECT ADDED ENTRY--TOPICAL TERM
Topical term or geographic name as entry element Victims of terrorism
Geographic subdivision Oklahoma
-- Oklahoma City.
9 (RLIN) 6439760
655 #7 - INDEX TERM--GENRE/FORM
Genre/form data or focus term Picture books
Source of term lcgft
700 1# - ADDED ENTRY--PERSONAL NAME
Personal name Xu, Nicole,
Dates associated with a name 1994-
Relator term illustrator.
9 (RLIN) 6439761
776 08 - ADDITIONAL PHYSICAL FORM ENTRY
Display text Online version:
Main entry heading Barton, Chris, author.
Title All of a sudden and forever
Place, publisher, and date of publication Minneapolis : Carolrhoda Books, [2020]
International Standard Book Number 9781541560987
Record control number (DLC) 2018051277
942 ## - ADDED ENTRY ELEMENTS (KOHA)
Source of classification or shelving scheme Dewey Decimal Classification
Koha item type BOOK
Holdings
Withdrawn status Lost status Source of classification or shelving scheme Damaged status Not for loan Collection code Home library Current library Shelving location Date acquired Source of acquisition Total Checkouts Full call number Barcode Date last seen Date checked out Cost, replacement price Price effective from Koha item type
    Dewey Decimal Classification     Children NonFiction Wasatch County Library Wasatch County Library Main Floor Childrens Area 02/01/2022 Amazon 1 E History Bar 34301001820556 03/06/2025 02/21/2024 19.99 02/01/2022 BOOK
This project was made possible through a grant from the Institute of Museum and Library Service administered by the Utah State Library Division.

Wasatch County Library

  • 465 East 1200 South, Heber City, Utah 84032
  • Phone 435-654-1511 | Fax 435-654-6456

Hours

  • Monday - Friday 9:30 AM - 8:00 PM
  • Saturday 9:30 AM - 1:30 PM
  • Closed Sundays and Holidays